000 00506nam a2200169Ia 4500
003 GCL
008 140319s9999 xx 000 0 ara d
040 _aGCL /
_cGCL
082 0 4 _a371.92
_bم س
100 1 _aمحمد عبدالمؤمن حسين
245 1 0 _aسيكلوجية غير العاديين وتربيتهم /
_cمحمد عبدالمؤمن حسين
300 _a312 ص
490 _a
650 0 4 _aالاطفال - رعاية
650 0 4 _aالاطفال المعوقون
942 _2ddc
_cBK
999 _c45491
_d45491